First Ten Alphabetical Countries - Statistics

General Stats
  • This quiz has been taken 145 times
    138 since last reset
  • The average score is 7 of 10
Answer Stats
# Country % Correct
1 Afghanistan
96%
2 Albania
88%
3 Algeria
78%
4 Andorra
76%
5 Angola
72%
6 Antigua and Barbuda
71%
8 Armenia
71%
10 Austria
68%
7 Argentina
66%
9 Australia
64%
No matching quizzes found
Score Distribution
Percent of People with Each Score
Percentile by Number Answered
Your Score History
You have not taken this quiz since the last reset